00381nam a2200133 a 450000500170000000800410001702000180005805000220007610000220009824500400012026000450016030000240020565000180022920140412111241.0001116s19uu xx 00 eng d a0-88705-644-X aREF 611bFAB 1993 aFabiny, Robert J. aThe Human body /cRobert J. Fabiny. aWilton, CT :bWishing Well Books,c1993. a16 p. ; col. ; ill. aHuman anatomy